Who is this a Statue of? - Statistics

General Stats
  • This quiz has been taken 132 times
  • The average score is 11 of 15
Answer Stats
Picture Answer % Correct
Elvis Presley
98%
Abraham Lincoln
96%
Jesus Christ
91%
Marilyn Monroe
91%
Bob Marley
88%
Mahatma Gandhi
81%
Julius Caesar
75%
Arnold Schwarzenegger
72%
Winston Churchill
72%
Freddie Mercury
71%
Amy Winehouse
67%
Zeus
66%
Queen Victoria
52%
Babe Ruth
46%
Nicole Kidman
4%
No matching quizzes found
Score Distribution
Percent of People with Each Score
Percentile by Number Answered
Your Score History
You have not taken this quiz